Contabilidad de costos

সংরক্ষণ করুন:
গ্রন্থ-পঞ্জীর বিবরন
প্রধান লেখক: Pastrana Pastrana, Adolfo José
সংস্থা লেখক: e-libro, Corp
বিন্যাস: বৈদ্যুতিন গ্রন্থ
ভাষা:স্প্যানিশ
প্রকাশিত: [Santa Fe, Argentina] : [El Cid Editor | apuntes], [2012]
বিষয়গুলি:
অনলাইন ব্যবহার করুন:https://elibro.unach.elogim.com/es/lc/unach/titulos/97923
ট্যাগগুলো: ট্যাগ যুক্ত করুন
কোনো ট্যাগ নেই, প্রথমজন হিসাবে ট্যাগ করুন!

MARC

LEADER 00000nam a2200000 a 4500
001 ELB97923
003 FlNmELB
006 m o d |
007 cr cn|||||||||
008 201211r2012 ag |||||s|||||||||||spa d
035 |a (MiAaPQ)EBC3201850 
035 |a (Au-PeEL)EBL3201850 
035 |a (CaPaEBR)ebr10608822 
035 |a (OCoLC)929377239 
040 |a FlNmELB  |b spa  |c FlNmELB 
050 4 |a HF5686.C8  |b P293 2012 
080 |a 657.47 
082 0 4 |a 657.42  |2 22 
100 1 |a Pastrana Pastrana, Adolfo José. 
245 1 0 |a Contabilidad de costos  |h [recurso electronico] /  |c Adolfo José Pastrana Pastrana. 
260 |a [Santa Fe, Argentina] :  |b [El Cid Editor | apuntes],  |c [2012] 
300 |a [30] p. 
533 |a Recurso electrónico. Santa Fe, Arg.: e-libro, 2015. Disponible vía World Wide Web. El acceso puede estar limitado para las bibliotecas afiliadas a e-libro. 
650 4 |a Contabilidad de costes. 
650 4 |a Cost accounting. 
655 4 |a Libros electrónicos. 
710 2 |a e-libro, Corp. 
856 4 0 |u https://elibro.unach.elogim.com/es/lc/unach/titulos/97923